| 000 | 00700nam a2200217Ia 4500 | ||
|---|---|---|---|
| 005 | 20250508163530.0 | ||
| 008 | 008 250505s9999 xx 000 0 eng d | ||
| 037 | _aTextual | ||
| 040 |
_aFEDL _beng _cFEDL |
||
| 041 |
_aeng _2eng |
||
| 084 |
_a028, SPI _qFEDL |
||
| 100 |
_aSpiegel Dixie Lee _9775564 |
||
| 245 | 0 | _aReading for Pleasure : Guidelines | |
| 245 | 0 | _cClearing House on Reading and Communication Skills National institute of Education | |
| 260 |
_aDelaware _bInternational Reading Association _c1981 |
||
| 300 | _aviii,89p. | ||
| 490 | _aReading aids Series | ||
| 650 |
_aReading-Information Media _9755604 |
||
| 942 |
_cTEXL _h028, SPI |
||
| 999 |
_c1383913 _d1383913 |
||